Spôsoby obstarávania a financovania dlhodobého hmotného majetku v podniku bakalárska práca

Guardado en:
Detalles Bibliográficos
Autor principal: Štefková, Nikola
Autor Corporativo: Fakulta podnikového manažmentu EU. Katedra podnikovohospodárska
Otros Autores: Hlaváčiková, Jana
Formato: Libro
Lenguaje:eslovaco
Publicado: Bratislava 2016
Etiquetas: Agregar Etiqueta
Sin Etiquetas, Sea el primero en etiquetar este registro!

MARC

LEADER 00000nbm a2200000 4500
001 0218301
005 20170302134401.0
041 0 |a slo 
044 |a SK 
245 1 0 |a Spôsoby obstarávania a financovania dlhodobého hmotného majetku v podniku  |b bakalárska práca  |c Nikola Štefková ; školiteľ: Jana Hlaváčiková 
264 1 |a Bratislava  |c 2016 
300 |a 50 s. 
100 1 |a Štefková, Nikola 
700 1 |a Hlaváčiková, Jana 
710 2 |a Fakulta podnikového manažmentu EU. Katedra podnikovohospodárska